Estatísticas para Quiz da Singapura

Clique aqui para jogar o quiz

Estatísticas Gerais

  • Esse quiz foi jogado 350 vezes
  • A pontuação média é 9 de 17

Estatísticas das Respostas

DicaResposta% Correto
Línguas oficiaisInglês
90%
País que invadiu Singapura em 1942Japão
85%
Moeda oficial{Dólar} de Singapura
84%
Termo usado para descrever as economias de Singapura, Taiwan,
Hong Kong e Coreia do Sul
Quatro {Tigres} Asiáticos
77%
Línguas oficiaisChinês
76%
País que fundou a cidade moderna em 1819Reino Unido
75%
Línguas oficiaisMalaio
68%
Singapura tem o segundo ___ mais movimentado do mundo, depois de XangaiPorto
65%
Doces que foram proibidos em 1992Chiclete
55%
Mar na extremidade leste do Estreito de SingapuraMar da {China} {Meridional}
41%
Significado de "Singapura"Cidade dos {Leões}
39%
Línguas oficiaisTâmil
38%
Fruta popular, mas proibida em metrôDurian
30%
Primeiro-ministro de 1959 a 1990, frequentemente considerado
um "ditador benevolente"
Lee Kuan Yew
25%
Estátua famosa que cospe águaMerlion
23%
Nome da ilha de SingapuraPulau {Ujong}
19%
Coquetel de gin com cereja e abacaxiSingapore {Sling}
19%

Distribuição das Pontuações

Percentil de Números Respondidos

Porcentagem de Pessoas com Cada Pontuação

Sua Pontuação Histórica

Você não jogou esse quiz